Phẫu thuật xử trí chấn thương nhãn cầu
Phần I: Đụng giập mắt bao gồm: Đụng giập mi mắt, kết mạc, màng bồ đào... Những tổn thương này chỉ được mô tả một cách sơ lược cùng với cách xử trí bước đầu; còn đi sâu giải quyết từng trường hợp cụ thể như vỡ củng mạc, rách gi...
Gardado en:
| Autor Principal: | |
|---|---|
| Outros autores: | , |
| Formato: | Libro |
| Idioma: | Vietnamese |
| Publicado: |
H.
Y học
2006
|
| Những chủ đề: | |
| Các nhãn: |
Engadir etiqueta
Sen Etiquetas, Sexa o primeiro en etiquetar este rexistro!
|
| Thư viện lưu trữ: | Thư viện Trường Đại học Nam Cần Thơ |
|---|
| LEADER | 02874nam a22002657a 4500 | ||
|---|---|---|---|
| 001 | NCT_32391 | ||
| 008 | 180423b xxu||||| |||| 00| 0 vie d | ||
| 999 | |c 1557 |d 1557 | ||
| 020 | |c 29000 | ||
| 082 | 0 | 4 | |2 23rd ed. |a 617.7 |b D121 |
| 100 | 1 | |a Phan Dẫn | |
| 245 | 1 | 0 | |a Phẫu thuật xử trí chấn thương nhãn cầu |c Phan Dẫn, Mai Quốc Tùng, Phạm Trọng Văn |
| 260 | |a H. |b Y học |c 2006 | ||
| 300 | |a 261 tr. |b Hình vẽ |c 19cm | ||
| 520 | 3 | |a Phần I: Đụng giập mắt bao gồm: Đụng giập mi mắt, kết mạc, màng bồ đào... Những tổn thương này chỉ được mô tả một cách sơ lược cùng với cách xử trí bước đầu; còn đi sâu giải quyết từng trường hợp cụ thể như vỡ củng mạc, rách giác mạc,kẹt mống mắt... thì xem ở phần III. - Phần II: Vết thương nông của nhãn cầu gồm: Vết thương làm rách kết mạc, xước giác mạc, dị vật ở giác mạc, kết mạc; những tổn thương nông của nhãn cầu phần lớn mau lành và đôi khi không để lại sẹo; cũng nên nhớ rằng thương tích nhỏ này nếu không được điều trị đúng thì có thể dẫn đến kết quả xấu. - Phần III: Chấn thương xuyên nhãn cầu: Đây là phần trọng tâm của quyển sách này. Nó mô tả tương đối đầy đủ những vết thương xuyên nhãn cầu. Từ vết rách giác mạc đến bong võng mạc, từ dị vật nội nhãn đến lỗ hoàng điểm... đồng thời cũng nêu rất chi tiết những phương pháp xử trí đối với từng loại thương tổn của mắt. | |
| 653 | |a Y đa khoa | ||
| 700 | 1 | |a Mai Quốc Tùng | |
| 700 | 1 | |a Phạm Trọng Văn | |
| 942 | |2 ddc |c BK | ||
| 952 | |0 0 |1 0 |2 ddc |4 0 |6 617_700000000000000_D121 |7 0 |9 7499 |a 000001 |b 000001 |d 2018-04-23 |o 617.7 D121 |p MD.11567 |r 2018-04-23 |v 29000.00 |w 2018-04-23 |y BK | ||
| 952 | |0 0 |1 0 |2 ddc |4 0 |6 617_700000000000000_D121 |7 0 |9 7500 |a 000001 |b 000001 |d 2018-04-23 |o 617.7 D121 |p MD.11433 |r 2018-04-23 |v 29000.00 |w 2018-04-23 |y BK | ||
| 952 | |0 0 |1 0 |2 ddc |4 0 |6 617_700000000000000_D121 |7 0 |9 7501 |a 000001 |b 000001 |d 2018-04-23 |o 617.7 D121 |p MD.10765 |r 2018-04-23 |v 29000.00 |w 2018-04-23 |y BK | ||
| 952 | |0 0 |1 0 |2 ddc |4 0 |6 617_700000000000000_D121 |7 0 |9 7502 |a 000001 |b 000001 |d 2018-04-23 |o 617.7 D121 |p MD.10766 |r 2018-04-23 |v 29000.00 |w 2018-04-23 |y BK | ||
| 952 | |0 0 |1 0 |2 ddc |4 0 |6 617_700000000000000_D121 |7 0 |9 7503 |a 000001 |b 000001 |d 2018-04-23 |o 617.7 D121 |p MD.10767 |r 2018-04-23 |v 29000.00 |w 2018-04-23 |y BK | ||
| 980 | |a Thư viện Trường Đại học Nam Cần Thơ | ||